01051 am a2200193 a 450000500170000000800410001702000150005804100080007310000310008124502740011225000110038626000460039730000100044350003050045365300160075865300160077465300390079065300280082920240624110759.0100405s2000||||ag d f |||| 000 0 spa d a9879907388 aspa1 aRamírez Calovi, Edgardo. aEstudio de seguimiento antropométrico de recién nacidos pretérmino durante el primer año de vida. Importancia de las curvas de crecimiento específicas. bT.1 Peso, talla y perímetro cefálico, según la edad gestacional y sexo /cEdgardo Ramírez Calovi. a1a ed. aCórdoba [Argentina]: bRoemmers;c2000. a76 p. aRamírez Calovi, E. (2000). Estudio de seguimiento antropométrico de recién nacidos pretérmino durante el primer año de vida. Importancia de las curvas de crecimiento específicas. T.1 Peso, talla y perímetro cefálico, según la edad gestacional y sexo. (1a ed.). Córdoba : Roemmers. aPediatría aCrecimiento aPeso, talla y perimetro cefálico aEdad gestacional y sexo